<?xml version="1.0" encoding="UTF-8"?>
<record
    xmlns:xsi="http://www.w3.org/2001/XMLSchema-instance"
    xsi:schemaLocation="http://www.loc.gov/MARC21/slim http://www.loc.gov/standards/marcxml/schema/MARC21slim.xsd"
    xmlns="http://www.loc.gov/MARC21/slim">

  <leader>02263cam a22004214a 4500</leader>
  <controlfield tag="001">13169853</controlfield>
  <controlfield tag="003">GZU</controlfield>
  <controlfield tag="005">20260512083357.0</controlfield>
  <controlfield tag="008">030417s2003    mauaf    b    001 0 eng  </controlfield>
  <datafield tag="010" ind1=" " ind2=" ">
    <subfield code="a">  2003009081</subfield>
  </datafield>
  <datafield tag="020" ind1=" " ind2=" ">
    <subfield code="a">1405107251</subfield>
  </datafield>
  <datafield tag="020" ind1=" " ind2=" ">
    <subfield code="a">9781405107259</subfield>
  </datafield>
  <datafield tag="022" ind1=" " ind2=" ">
    <subfield code="a">.</subfield>
  </datafield>
  <datafield tag="035" ind1=" " ind2=" ">
    <subfield code="a">13169853</subfield>
  </datafield>
  <datafield tag="035" ind1=" " ind2=" ">
    <subfield code="a">(DNLM)101175558</subfield>
  </datafield>
  <datafield tag="040" ind1=" " ind2=" ">
    <subfield code="a">DNLM/DLC</subfield>
    <subfield code="c">DLC</subfield>
    <subfield code="d">GZULib</subfield>
    <subfield code="b">eng</subfield>
    <subfield code="e">rda</subfield>
  </datafield>
  <datafield tag="042" ind1=" " ind2=" ">
    <subfield code="a">pcc</subfield>
  </datafield>
  <datafield tag="050" ind1="0" ind2="0">
    <subfield code="a">RC660</subfield>
    <subfield code="b">.WAT 2003</subfield>
  </datafield>
  <datafield tag="245" ind1="0" ind2="0">
    <subfield code="a">Diabetes and its management /</subfield>
    <subfield code="c">Peter J. Watkins, Stephanie A. Amiel, Simon L. Howell, Eileen Turner</subfield>
  </datafield>
  <datafield tag="250" ind1=" " ind2=" ">
    <subfield code="a">Sixth edition /</subfield>
    <subfield code="b">Peter J. Watkins ... [et al.].</subfield>
  </datafield>
  <datafield tag="260" ind1=" " ind2=" ">
    <subfield code="a">Malden, Mass. :</subfield>
    <subfield code="b">Blackwell Science,</subfield>
    <subfield code="c">c2003.</subfield>
  </datafield>
  <datafield tag="300" ind1=" " ind2=" ">
    <subfield code="a">xi, 224 pages, [4] pages of plates :</subfield>
    <subfield code="b">illustrations (some colour) ;</subfield>
    <subfield code="c">25 cm.</subfield>
  </datafield>
  <datafield tag="336" ind1=" " ind2=" ">
    <subfield code="a">text</subfield>
    <subfield code="b">txt</subfield>
    <subfield code="2">rdacontent</subfield>
  </datafield>
  <datafield tag="337" ind1=" " ind2=" ">
    <subfield code="a">unmediated</subfield>
    <subfield code="b">n</subfield>
    <subfield code="2">rdamedia</subfield>
  </datafield>
  <datafield tag="338" ind1=" " ind2=" ">
    <subfield code="a">volume</subfield>
    <subfield code="b">nc</subfield>
    <subfield code="2">rdacarrier</subfield>
  </datafield>
  <datafield tag="500" ind1=" " ind2=" ">
    <subfield code="a">Rev. ed. of: Diabetes and its management / Peter J. Watkins, Paul L. Drury, Simon L. Howell. 5th ed. 1996.</subfield>
  </datafield>
  <datafield tag="504" ind1=" " ind2=" ">
    <subfield code="a">Includes bibliographical references (p. 216-218) and index.</subfield>
  </datafield>
  <datafield tag="505" ind1="0" ind2=" ">
    <subfield code="a">1. Diagnosis and classification -- 2. Epidemiology of diabetes -- 3. Synthesis, secretion and actions of insulin -- 4. Metabolic changes in diabetes: a summary -- 5. Aetiology and genetics -- 6. Clinical features of diabetes -- 7. Management of type 2 diabetes -- 8. Management of type 1 diabetes mellitus -- 9. Hypoglycaemia -- 10. Diabetic hyperglycaemic emergencies -- 11. Management of diabetes during surgery and other illnesses -- 12. Pregnancy and diabetes -- 13. Diabetes in children -- 14. An overview of microvascular complications -- 15. Diabetes and the kidney -- 16. Diabetic eye disease -- 17. Diabetic neuropathies -- 18. The diabetic foot -- 19. Cardiovascular disease -- 20. Hypertension -- 21. Living with diabetes -- 22. Organization of care.</subfield>
  </datafield>
  <datafield tag="520" ind1=" " ind2=" ">
    <subfield code="a">.</subfield>
  </datafield>
  <datafield tag="650" ind1=" " ind2="0">
    <subfield code="a">Diabetes.</subfield>
  </datafield>
  <datafield tag="650" ind1=" " ind2="0">
    <subfield code="a">Diabetes in children.</subfield>
  </datafield>
  <datafield tag="650" ind1="1" ind2="2">
    <subfield code="a">Diabetes Mellitus.</subfield>
  </datafield>
  <datafield tag="650" ind1="2" ind2="2">
    <subfield code="a">Diabetes Mellitus</subfield>
    <subfield code="x">therapy.</subfield>
  </datafield>
  <datafield tag="700" ind1="1" ind2=" ">
    <subfield code="a">Watkins, Peter J.</subfield>
  </datafield>
  <datafield tag="700" ind1="1" ind2=" ">
    <subfield code="a">Watkins, Peter J.</subfield>
    <subfield code="t">Diabetes and its management.</subfield>
  </datafield>
  <datafield tag="856" ind1="4" ind2="1">
    <subfield code="3">Table of contents</subfield>
    <subfield code="u">http://www.loc.gov/catdir/toc/ecip043/2003009081.html</subfield>
  </datafield>
  <datafield tag="942" ind1=" " ind2=" ">
    <subfield code="2">lcc</subfield>
    <subfield code="c">BK</subfield>
    <subfield code="e">Sixth edition</subfield>
    <subfield code="h">660</subfield>
    <subfield code="i">WAT</subfield>
    <subfield code="k">RC</subfield>
  </datafield>
  <datafield tag="952" ind1=" " ind2=" ">
    <subfield code="0">0</subfield>
    <subfield code="1">0</subfield>
    <subfield code="2">lcc</subfield>
    <subfield code="4">0</subfield>
    <subfield code="7">0</subfield>
    <subfield code="8">NFIC</subfield>
    <subfield code="a">MTHL</subfield>
    <subfield code="b">MTHL</subfield>
    <subfield code="c">GEN</subfield>
    <subfield code="d">2026-05-12</subfield>
    <subfield code="e">Donation from UKZN</subfield>
    <subfield code="l">0</subfield>
    <subfield code="o">RC660 WAT 2003</subfield>
    <subfield code="p">034574</subfield>
    <subfield code="r">2026-05-12 08:34:44</subfield>
    <subfield code="t">c. 1</subfield>
    <subfield code="w">2026-05-12</subfield>
    <subfield code="y">BK</subfield>
  </datafield>
  <datafield tag="999" ind1=" " ind2=" ">
    <subfield code="c">11805</subfield>
    <subfield code="d">11805</subfield>
  </datafield>
</record>
